¡Que veinte años no es nada! : un análisis crítico a veinte años de la reforma constitucional de 1994 en Argentina /
Salvato in:
| Altri autori: | , , |
|---|---|
| Natura: | Elettronico eBook |
| Lingua: | spagnolo |
| Pubblicazione: |
Ciudad de Buenos Aires :
Eudeba,
[2016]
|
| Edizione: | 1o edición digital. |
| Serie: | Derecho (Editorial Universitaria de Buenos Aires)
|
| Soggetti: | |
| Accesso online: | Digitalia Hispánica |
| Tags: |
Aggiungi Tag
Nessun Tag, puoi essere il primo ad aggiungerne!!
|
MARC
| LEADER | 00000nam a2200000Ii 4500 | ||
|---|---|---|---|
| 001 | DIGEUDE144 | ||
| 003 | NyNyDIG | ||
| 006 | m o d | ||
| 007 | cr ||||||||||| | ||
| 008 | 230708s2016 ag ob 000 0 spa d | ||
| 035 | |a (OCoLC)1390760715 | ||
| 040 | |a DGITA |b eng |e rda |e pn |c DGITA | ||
| 020 | |a 9789502324203 |q edición digital (ePub) | ||
| 020 | |z 9789502324005 | ||
| 043 | |a s-ag--- | ||
| 050 | 1 | 4 | |a KHA2914 ebook |
| 245 | 0 | 0 | |a ¡Que veinte años no es nada! : |b un análisis crítico a veinte años de la reforma constitucional de 1994 en Argentina / |c Marcelo Bernal, Calogero Pizzolo, Andrés Rossetti (coordinadores). |
| 250 | |a 1o edición digital. | ||
| 264 | 1 | |a Ciudad de Buenos Aires : |b Eudeba, |c [2016] | |
| 300 | |a 1 online resource. | ||
| 336 | |a text |b txt |2 rdacontent | ||
| 337 | |a computer |b c |2 rdamedia | ||
| 338 | |a online resource |b cr |2 rdacarrier | ||
| 347 | |a text file |2 rdaft | ||
| 347 | |b EPUB | ||
| 490 | 1 | |a Derecho | |
| 504 | |a Includes bibliographical references. | ||
| 588 | 0 | |a Online resource; title from ePub title page (Digitalia, viewed July 8, 2023) | |
| 650 | 0 | |a Constitutional history |z Argentina. | |
| 700 | 1 | |a Bernal, Marcelo, |e editor. | |
| 700 | 1 | |a Pizzolo, Calogero, |e editor. | |
| 700 | 1 | |a Rossetti, Andrés, |e editor. | |
| 791 | 2 | |a Digitalia (Firm), |e distributor. | |
| 793 | 0 | |g Digitalia eBook Collection: |a Eudeba | |
| 776 | 0 | 8 | |i Print version: |t ¡Que veinte años no es nada!. |b 1o edición. |d Ciudad de Buenos Aires : Eudeba, [2015] |z 9789502324005 |
| 830 | 0 | |a Derecho (Editorial Universitaria de Buenos Aires) | |
| 856 | 4 | 0 | |3 Digitalia Hispánica |u https://digitalia.unach.elogim.com/a/128322/ |
| 910 | |a Premium collection: 2023 | ||